000
00310pab a2200133 454500
008
180718b xxu||||| |||| 00| 0 eng d
100
_a
Sahay K.B.
245
_a
Birth control myth
362
_a
4 May 1994, p.11
650
_a
Birth Control
650
_a
Population
773
_a
Hindustan Times
909
_a
26950
999
_c
26950
_d
26950